Capitalismo monopolista y servicio social
Na minha lista:
| Autor principal: | |
|---|---|
| Formato: | Livro |
| Idioma: | espanhol |
| Publicado em: |
Sao Paulo
Cortez
1992
|
| Colecção: | Biblioteca Latinoamericana de Servicio Social
|
| Assuntos: | |
| Tags: |
Adicionar Tag
Sem tags, seja o primeiro a adicionar uma tag!
|
MARC
| LEADER | 00000nam a2200000 a 4500 | ||
|---|---|---|---|
| 001 | UCH1370 | ||
| 003 | CL-VaPUC | ||
| 008 | 090427e19920000BL |||||||||||||||||spa|d | ||
| 020 | |a 8524906553 | ||
| 082 | 0 | 4 | |a 361.613 |b NET |2 21 |
| 100 | |a Netto, José Paulo |e autor |9 535833 | ||
| 245 | 1 | 0 | |a Capitalismo monopolista y servicio social |
| 300 | |a 171 p | ||
| 942 | |c BK | ||
| 945 | |d 20090427 00:00:00 |a rbrito | ||
| 260 | |a Sao Paulo |b Cortez |c 1992 | ||
| 650 | 0 | |a Servicio social |9 307999 | |
| 650 | 0 | |a Trabajo social |9 307856 | |
| 650 | 0 | |a Asistentes sociales |9 402315 | |
| 650 | 0 | |a Formación profesional |9 257232 | |
| 650 | 0 | |a Política gubernamental |9 262286 | |
| 650 | 7 | |a FILOSOFIA POLITICA |2 CL-VaPUC |9 535835 | |
| 583 | |a last modification |c 20160913 11:10:20 |k Rodrigo Vera | ||
| 490 | 0 | |a Biblioteca Latinoamericana de Servicio Social | |
| 999 | |c 333421 |d 333419 | ||
| 952 | |0 0 |1 0 |4 0 |6 361_613000000000000_NET_1992 |7 0 |8 A |9 421791 |a BIBGIM |b BIBGIM |d 2019-11-22 |i 4540239 |o 361.613 NET 1992 |p 4540239 |r 2025-01-15 |w 2019-11-22 |y BK |k SSL | ||
| 952 | |0 0 |1 0 |4 0 |6 361_613000000000000_NET_1992 |7 0 |8 A |9 421792 |a BIBGIM |b BIBGIM |d 2019-11-22 |i 4705408 |o 361.613 NET 1992 |p 4705408 |r 2025-01-15 |w 2019-11-22 |y BK |k SSL | ||